000 00314nam a22001337a 4500
008 170426b xxu||||| |||| 00| 0 eng d
020 _a0471873241
041 _aeng
080 _22ND
_a54
100 _a12
101 _aSHM
245 _aELEMENTRY PRINCIPLES OF CHEMICAL PROCESSES
_cFELDER, R.M
942 _2udc
_cBK
999 _c12074
_d12074